| 000 | 00879nam a22002897a 4500 | ||
|---|---|---|---|
| 001 | 00260 | ||
| 003 | DO-SdBNP | ||
| 005 | 20180222105448.0 | ||
| 008 | 151130b 1984 sp xxu||||| |||| 00| 0 spa d | ||
| 020 | _a84-372-5005-6 | ||
| 040 |
_aBPMSU _bspa _cBPMSU |
||
| 041 | 1 | 7 |
_aspa _hfre |
| 092 |
_axxxx _bxxxx |
||
| 100 | 1 | _aBrice, Raphaëlle | |
| 240 | 1 | 0 | _aL'aventure de la pomme de terre |
| 245 | 1 | 0 |
_aLa aventura de la patata / _cRaphaëlle Brice ; ilustraciones de Claude y Denise Millet ; traducción de Cristina Azaola |
| 260 |
_aMadrid : _bAltea, _c1984. |
||
| 300 |
_a[34] p. : _bil. ; _c18 cm. |
||
| 490 | 1 | _aBenjamín información | |
| 700 | 1 | 2 |
_aMillet, Claude, _eil. |
| 700 | 1 | 2 |
_aMillet, Denise, _etr. |
| 700 | 1 | 2 |
_aAzaola, Cristina, _etr. |
| 910 | _a00260 | ||
| 942 |
_2ddc _cBK |
||
| 945 | _ainventariado, 2018 / dg | ||
| 956 |
_aLorenza Pérez _b10 |
||
| 999 |
_c8970 _d8970 |
||